Business gamification for dummies

Gamification is a modern business strategy that leverages principles from games to influence favorable customer behavior on the web in order to improve customer loyalty, engagement, and retention. Gamification can be used by any department in a company (HR, Sales, Marketing, Engineering, Support, et...

全面介紹

Đã lưu trong:
書目詳細資料
主要作者: Duggan, Kris
格式: 圖書
語言:Undetermined
出版: Hoboken, N.J. John Wiley & Sons 2013
主題:
標簽: 添加標簽
沒有標簽, 成為第一個標記此記錄!
Thư viện lưu trữ: Trung tâm Học liệu Trường Đại học Cần Thơ
LEADER 01072nam a2200217Ia 4500
001 CTU_216540
008 210402s9999 xx 000 0 und d
020 |c 4.46 
082 |a 658.872 
082 |b D866 
100 |a Duggan, Kris 
245 0 |a Business gamification for dummies 
245 0 |c Kris Duggan, Kate Shoup 
260 |a Hoboken, N.J. 
260 |b John Wiley & Sons 
260 |c 2013 
520 |a Gamification is a modern business strategy that leverages principles from games to influence favorable customer behavior on the web in order to improve customer loyalty, engagement, and retention. Gamification can be used by any department in a company (HR, Sales, Marketing, Engineering, Support, etc.), for any web-based experience (mobile, website, retail, community, etc.). 
650 |a Consumer behavior,Tiếp thị internet,Hành vi tiêu dùng,Internet marketing 
650 |x Social aspects,Khía cạnh xã hội,Khía cạnh xã hội,Social aspects 
904 |i Qhieu 
980 |a Trung tâm Học liệu Trường Đại học Cần Thơ